Analýza cenovej stratégie vo vybranom výrobnom podniku (The analysis of the company?s price strategy in a selectedmanufacturing plant) [CD-ROM] : Bakalárska práca

Gespeichert in:
Bibliographische Detailangaben
1. Verfasser: Kováč, Andrej, 1986- (Verfasst von)
Weitere Verfasser: Tekulová, Zuzana, 1974- (xxx), Olšovský, Viktor (Gegnerische Seite)
Format: Manuskript Buch
Sprache:Slowakisch
Veröffentlicht: Bratislava : STU v Bratislave SjF, 2008
Ausgabe:1.vyd.
Schlagworte:
Tags: Tag hinzufügen
Keine Tags, Fügen Sie das erste Tag hinzu!

MARC

LEADER 00000ntm a22000003a 4500
001 stu177087
005 20150617230044.1
008 081210s2008----xo------------------slo-d
040 |a STU  |b slo 
041 0 |a slo 
044 |a xo 
100 1 |a Kováč, Andrej,  |d 1986-  |4 aut  |u J0070  |9 100  |U SjF Strojnícka fakulta  |T SjF Ústav výrobných systémov, enviromentálnej techniky a manažment kvality  |X 40960  |U J0070  |Y 804  |7 A000040960 
245 1 |a Analýza cenovej stratégie vo vybranom výrobnom podniku (The analysis of the company?s price strategy in a selectedmanufacturing plant) [CD-ROM] :  |b Bakalárska práca 
250 |a 1.vyd. 
260 |a Bratislava :  |b STU v Bratislave SjF,  |c 2008 
300 |a 44 s 
650 7 |a cenová stratégia  |2 stusub 
650 7 |a náklady  |2 stusub 
650 7 |a konkurencia  |2 stusub 
650 7 |a dopyt  |2 stusub 
650 7 |a cena  |2 stusub 
650 7 |a price strategy  |2 estusub 
650 7 |a expenses  |2 estusub 
650 7 |a competition  |2 estusub 
650 7 |a inquiry  |2 estusub 
650 7 |a cost  |2 estusub 
700 1 |a Tekulová, Zuzana,  |d 1974-  |4 xxx  |u J0070  |U SjF Strojnícka fakulta  |T SjF Ústav výrobných systémov, enviromentálnej techniky a manažment kvality  |X 42591  |U J0070  |Y 804  |7 A000042591 
700 1 |a Olšovský, Viktor  |4 opn 
996 |b 284J035087  |c J*87/BP  |l JJSK  |s A  |a 24  |w stu177087_0001